| 000 | 01012nam a22002417a 4500 | ||
|---|---|---|---|
| 005 | 2009062404554.0 | ||
| 008 | 090624t xxu||||| |||| 00| 0 eng d | ||
| 010 | _aENG-94220 | ||
| 020 |
_a9788184571127 _c900.00 |
||
| 035 | _aEN-77753 | ||
| 037 | _bDBAD / VEN | ||
| 040 |
_adpl _bEnglish |
||
| 082 | _a791.437 | ||
| 100 | _aChawdhary, Nirmal Kumar | ||
| 245 |
_aHow to write film screenplays: _cby Nirmal Kumar Chawdhary _billustrations for aspiring screenplay writers and readers / |
||
| 260 |
_aNew Delhi _bKanishka Publishers, Distributors _c2009 |
||
| 270 |
_a4697/5-21A, Ansari Road, Darya Ganj, _bNew Delhi _e110002 |
||
| 300 |
_a387p. _c22cm(Hb) |
||
| 650 | _aMotion picture plays | ||
| 942 |
_2ddc _cEN _mCHA _h791.437 |
||
| 999 |
_c27866 _d27866 |
||